Регионална библиотека "Любен Каравелов" - Русе

Песента на гугутките (Запис номер 505408)

MARC детайли
000 -Лидер
Контролно поле с фиксирана дължина 01230nam a2200289 c 4500
003 - Код на организацията, давaща контролен номер
Контролно поле BLK
005 - Дата и час на последна редакция
Контролно поле 20240322155239.0
008 - Елементи от данни с фиксирана дължина
fixed length control field 180411b bul|||||r ||||||| ||bul||
020 ## - Международен стандартен номер на книга ISBN
Международен стандартен номер на книга ISBN 9789544113315
040 ## - Източник на каталожния запис
Идентификатор на билиотеката - собственик на записа BLK
041 ## - Код за език
Код за езика на текст/звукозапис или на отделно заглавие Български
Код за езика КДБФ Български
080 ## - УДК
Текстов определител УДК Българска литература
УДК код - определител по УДК 821.163.2
УДК - код + определител 821.163.2-94
100 ## - Редна дума - Автор
Автор Ешкенази, Лика Яко
R(LIN) 491383
139 ## - Редно поле
Авторски знак Еш - Е 99
245 10 - Сведения за заглавието
Заглавие Песента на гугутките
Подзаглавни данни невероятната история на една жена, белязана от музика, синдрома на Даун и много майчина любов
Редно поле (дума) Лика Ешкенази, Иво Спиров ; под ред. на Исак Гозес
257 ## - Страна на издаване
Страна на създаване/издаване България
260 ## - Област на издателските данни
Име на издателя, разпространителя и проч. Факел
Година на издаване 2023
9 (RLIN) 209592
Място на издаване, разпространение и проч. София
Издателство - префикс ISBN 978-954-411-
300 ## - Физическа характеристика
Страници 215, XVI с. : ил., портр.
Размери/Мащаб 20 см
380 ## - Жанр
Жанр Худож. лит.
500 ## - Общи забележки
Забележка Приятелите: с. 195-214<br/>Биогр. данни за авт. отбелязани на гърба на кор.
700 ## - Други автори (авторска отговорност)
9 (RLIN) 389379
Лично име Гозес, Исак Хаим
856 4# - Електронен адрес и достъп
Електронен формат pdf - файл
856 4# - Електронен адрес и достъп
Електронен формат pdf - файл
942 ## - АРТИКУЛИ
Вид на библиотечния материал Книги
Скрит в OPAC Не
Периодичен библиозапис Да
Koha issues (borrowed), all copies 1
999 ## - СИСТЕМНИ КОНТРОЛНИ НОМЕРА
Koha biblionumber 505408
Koha biblioitemnumber 505408
999 ## - СИСТЕМНИ КОНТРОЛНИ НОМЕРА
Koha biblioitemnumber 443321
944 ## - СЪЗДАВАНЕ И РЕДАКЦИЯ на ЗАПИСА
Създаване/Редакция
Дата на регистрацията/редакция Нора Радева
Служител, извършил регистрацията/редакцията 30531
Статус, дата на статуса Цветелина Шанова
Наличности
Код за отписване Код за изгубен артикул Източник на класификационната схема Код за повреда Код за отдаване Артикулен № Име на библиотеката - собственик Име на библиотеката, в която се намира в момента Статус (Текущо местоположение) Дата на вписване в системата Местоположение - отдел Цена в лева Инвентарен номер Систематично азбучна сигнатура Баркод Цена в евро Служебен тип на артикула
  Не е изгубен Universal Decimal Classification Не е повреден заемане за дома 940876 Регионална библиотека "Любен Каравелов" Русе Регионална библиотека "Любен Каравелов" Русе Заемна - подръчен фонд 2024-03-11 Заемна - подръчен фонд 17.00 120000899904 821.163.2-9/Е 99 Л 120000899904 8.69 Книги
Vip Innovations Ltd, Rousse, Bulgaria 2025